000 00816nab a22002057a 4500
999 _c5705
_d5705
003 OSt
005 20251230230908.0
008 190605e xxu||||| |||| 00| 0 spa d
040 _cPJ
100 _91315
_aDiego, Julián A. de
245 1 3 _aLa reforma laboral de la ley de bases 27.742 /
_cJulián A. de Diego.
260 _aCiudad Autónoma de Buenos Aires :
_bThomson Reuters La Ley,
_c2024.
300 _ap. 5-12
500 _aCita: TR LALEY AR/DOC/2035/2024
505 _t¿Te interesa el texto completo? Solicitalo al correo: koha@justierradelfuego.gov.ar
650 0 _91316
_aDERECHO LABORAL
650 0 _91391
_aREFORMA LABORAL
773 0 _02711
_93168
_dCiudad Autónoma de Buenos Aires : Thomson Reuters La Ley, 1999-2002.
_tRevista de derecho del trabajo. Nº5 - Septiembre 2024
942 _2udc
_cANA